000 00980aam a2200313 i 4500
999 _c37312
_d37312
001 768714001
003 CO-MdFUSB
005 20200730100354.0
007 ta
008 200730r1993 -usd|||| |||| 00| 0 spa d
020 _a0829734791
040 _bspa.
_aCO-MdFUSB
_cCO-MdFUSB
_dCO-MdFUSBC
_erda
041 _aspa
082 0 4 _223
_aG 264
_bS7139e
100 1 _aSorge, Bob
_eautor
245 1 0 _aExploración de la adoración
_c/ Bob Sorge ; traducido por Jorge Arbeláez Giraldo
264 1 _aMiami, FL., USA :
_bVida,
_c[1993]
264 4 _c© 1993
300 _a24 Páginas
_c; 22 cm
336 _atexto
_btxt
_2rdacontent
337 _2rdamedia
_asin mediación
_bn
338 _2rdacarrier
_avolumen
_bnc
505 _aEl meollo de la alabanza y la adoración. -- La dirección de la alabanza y la adoración.
563 _aRústico
650 0 _9180
_aTeología práctica
700 _94741
_aArbeláez Giraldo, Jorge.
_etraductor
942 _cBK
945 _aJTF-925